Words Coined in 1910 Quiz Stats

 Plays Quiz not verified by Sporcle

Challenge
Share
Tweet
Embed
Score 0/25 Timer 04:00
0 Plays Today
% Correct
Kitchenette
93.9%
Amputee
92.9%
Homeport
90.9%
Sabotage
90.4%
Affordability
89.9%
Age-old
89.4%
Airwoman
89.4%
Tutu
89.4%
Melt-in-the-mouth
88.4%
Moron
88.4%
Prankster
87.9%
Phenotype
86.9%
Cheerio
86.4%
% Correct
Qwertyuiop
85.4%
Grabby
82.3%
Bean
81.8%
Go
80.8%
Vamp
80.8%
Zonian
79.3%
Klaxon
77.3%
Beaver
74.2%
Flivver
74.2%
Bloomsbury
72.7%
Cripes
72.2%
Pantywaist
71.7%

You're not logged in!

Compare scores with friends on all Sporcle quizzes.
Join for Free
OR
Log In

You Might Also Like...

Show Comments

Extras

Top Quizzes Today


Score Distribution

Your Account Isn't Verified!

In order to create a playlist on Sporcle, you need to verify the email address you used during registration. Go to your Sporcle Settings to finish the process.

Report this User

Report this user for behavior that violates our Community Guidelines.

Details: